000 00677nam a22002055i 4500
001 157562
003 ES-MaACL
005 20250717063039.0
008 040831s1847 fr |||| | fre d
040 _aCAM
_bspa
_cCAM
100 1 _aLeroux, Pierre,
_d1797-1871
_9128894
245 1 0 _aDiscours sur la situation actuelle de la société et de l'esprit humain /
_cpar Pierre Leroux.
250 _aNouvelle ed.
260 _aA Boussac :
_b[s.n.],
_c1847 (
_fImprimerie de Pierre Leroux)
300 _aX, 243, 232 p. ;
_c16 cm.
597 _a2 t. en 1 v.
752 _aFrancia -
_dBoussac
852 _aES-MaACL
_jG-10770
_z-- Enc. hol.
999 _c157562
_d157562